000 00636nam a2200181Ia 4500
003 GCL
008 140319s9999 xx 000 0 ara d
040 _aGCL /
_cGCL
082 0 4 _a780.91
_bع م
100 1 _aعبدالعزيز بن عبدالجليل
245 1 0 _aالموسيقا الاندلسية المغربية: فنون الاداء( عالم المعرفة 129 ) /
_cعبدالعزيز بن عبدالجليل
300 _a269 ص
490 _aعالم المعرفة
_v0
650 0 4 _aالاندلس
650 0 4 _aالموسيقى الاندلسية
650 0 4 _aالمرشحات الاندلسية
942 _2ddc
_cBK
999 _c51509
_d51509